Falling short (Record no. 81428)

MARC details
000 -LEADER
fixed length control field 00894cab a22001935a 4500
001 - CONTROL NUMBER
control field L147201
008 - FIXED-LENGTH DATA ELEMENTS--GENERAL INFORMATION
fixed length control field 090415s2009 xxkdo f s 000 0 eng d
035 ## - SYSTEM CONTROL NUMBER
System control number (Sirsi) u147201
041 0# - LANGUAGE CODE
Language code of text/sound track or separate title eng
100 1# - MAIN ENTRY--PERSONAL NAME
Personal name Menary, Steve
245 00 - TITLE STATEMENT
Title Falling short
260 ## - PUBLICATION, DISTRIBUTION, ETC.
Date of publication, distribution, etc. 2009
490 ## - SERIES STATEMENT
Series statement Housebuilder
Volume/sequential designation 68 (2) March 2009, 24-27 (3)
520 ## - SUMMARY, ETC.
Summary, etc. Reports Glenigan's results of its latest survey "Who's planning to build where" for the year 2008. Suggests that most regions experienced a decline in the number of planning applications. Yorkshire had the largest decline. Four regions experienced a decrease of 40% or more in the amount of planning applications. Presents charts of top ten housebuilders per UK region.
590 ## - LOCAL NOTE (RLIN)
Local note KA
651 #4 - SUBJECT ADDED ENTRY--GEOGRAPHIC NAME
Geographic name United Kingdom
Chronological subdivision
690 ## - LOCAL SUBJECT ADDED ENTRY--TOPICAL TERM (OCLC, RLIN)
Topical term or geographic name as entry element ENVIRONMENTAL AND LAND CONSULTANCY-PLANNING AND DEVELOPMENT-DEVELOPMENT CONTROL-PLANNING APPLICATIONS
942 ## - ADDED ENTRY ELEMENTS (KOHA)
Suppress in OPAC 0
Holdings
Withdrawn status Lost status Source of classification or shelving scheme Damaged status Not for loan Home library Current library Shelving location Date acquired Total Checkouts Full call number Barcode Date last seen Copy number Price effective from Koha item type
    Dewey Decimal Classification     London London Journal article 15/04/2009   L147201 147201-1001 06/08/2019 1 06/08/2019 Journal article